000
00253nam a2200109Ia 4500
008
190914s9999||||xx |||||||||||||| ||und||
100
_a
Dr,Mubarak Ali
245
0
_a
Sindh Khamoshi ke Awaz
260
_a
Delhi
_b
Addison
_c
1993
300
_a
358
942
_c
BK
999
_c
8914
_d
8914